[Event "Amateur-Pokal A"]
[Site "?"]
[Date "2001.??.??"]
[Round "1"]
[White "Dausch, Rene"]
[Black "Busche, Stefan"]
[Result "1-0"]
[WhiteElo "2346"]
[BlackElo "2127"]
[Annotator "ChessOrg"]
[PlyCount "55"]

1. d4 Nf6 2. Nf3 e6 3. g3 b6 4. Bg2 Bb7 5. c4 Be7 6. O-O O-O 7. Nc3 Ne4 8. Bd2
Bf6 9. Qc2 Nxd2 10. Qxd2 d6 11. e4 c5 12. d5 Bxc3 13. Qxc3 e5 14. Ne1 Nd7 15.
Nd3 Qe7 16. f4 exf4 17. gxf4 f6 18. Bh3 Rae8 19. Be6+ Kh8 20. Rae1 Bc8 21. Rf3
g6 22. Rg3 Qg7 23. Re2 Re7 24. Reg2 Rfe8 25. f5 Nf8 26. Nf4 Bxe6 27. dxe6 g5
28. Nh5 1-0

[Event "Amateur-Pokal A"]
[Site "?"]
[Date "2001.??.??"]
[Round "1"]
[White "Tabatt, Hendrik"]
[Black "Lacrosse, Marc"]
[Result "1-0"]
[WhiteElo "2111"]
[BlackElo "2285"]
[Annotator "ChessOrg"]
[PlyCount "61"]

1. d4 d5 2. Nf3 Nf6 3. c4 e6 4. Nc3 c6 5. e3 Nbd7 6. Qc2 Bd6 7. b3 O-O 8. Bd3
dxc4 9. bxc4 a6 10. O-O c5 11. Bb2 Qc7 12. Rfd1 h6 13. Ne4 Nxe4 14. Bxe4 Rb8
15. Qc3 Be7 16. Bc2 Bf6 17. Ne5 g6 18. f4 b5 19. cxb5 axb5 20. Rac1 c4 21. Ba3
Rd8 22. Rb1 Bb7 23. Rd2 Ba8 24. Bb4 Nxe5 25. fxe5 Bg5 26. Rf1 Qb7 27. Rdf2 Rd7
28. a3 Bh4 29. Re2 Qd5 30. Rf4 Bg5 31. Be4 1-0

[Event "Amateur-Pokal A"]
[Site "?"]
[Date "2001.??.??"]
[Round "1"]
[White "Sass, Andreas"]
[Black "Mischke, Luis"]
[Result "1-0"]
[WhiteElo "2135"]
[BlackElo "2012"]
[Annotator "ChessOrg"]
[PlyCount "87"]

1. d4 Nf6 2. c4 g6 3. Nc3 Bg7 4. e4 d6 5. Nf3 O-O 6. Be2 e5 7. O-O Na6 8. Be3
exd4 9. Nxd4 Nc5 10. f3 a5 11. Qd2 Re8 12. Ndb5 b6 13. Rfd1 Qe7 14. Rab1 Bb7
15. Bg5 Rac8 16. Nd5 Bxd5 17. cxd5 Qf8 18. Nc3 Nfd7 19. Bb5 h6 20. Be3 Re7 21.
a3 Nf6 22. b4 axb4 23. axb4 Ncd7 24. Ne2 Kh7 25. Nd4 Nb8 26. Rbc1 Nfd7 27. Rc2
Ne5 28. Rdc1 Qd8 29. h3 Ned7 30. Bc6 Bxd4 31. Bxd4 Nxc6 32. Rxc6 Ne5 33. R6c2
b5 34. Bxe5 Rxe5 35. Qd3 Qd7 36. Rc6 Qe7 37. Qxb5 Qg5 38. Qd3 Qd8 39. b5 Rb8
40. Rxc7 Re7 41. Qc4 Rxb5 42. Rxe7 Rc5 43. Rxf7+ Kg8 44. Rg7+ 1-0

[Event "Amateur-Pokal A"]
[Site "?"]
[Date "2001.??.??"]
[Round "2"]
[White "Busche, Stefan"]
[Black "Mischke, Luis"]
[Result "0-1"]
[WhiteElo "2127"]
[BlackElo "2012"]
[Annotator "ChessOrg"]
[PlyCount "100"]

1. e4 c5 2. Nf3 d6 3. d4 cxd4 4. Nxd4 Nf6 5. Nc3 g6 6. Be3 Bg7 7. f3 O-O 8. Qd2
Nc6 9. O-O-O Nxd4 10. Bxd4 Be6 11. Kb1 Re8 12. g4 Qa5 13. g5 Nh5 14. Bxg7 Nxg7
15. h4 Rab8 16. Bh3 Bxh3 17. Rxh3 Nh5 18. Nd5 Qxd2 19. Rxd2 Kf8 20. f4 Red8 21.
f5 e6 22. fxe6 fxe6 23. Rf3+ Ke8 24. Nc7+ Ke7 25. Rdf2 Rf8 26. Rxf8 Rxf8 27.
Rxf8 Kxf8 28. Nxe6+ Ke7 29. Nc7 Ng3 30. c4 Nxe4 31. Kc2 Ng3 32. Kd3 Nf5 33. h5
gxh5 34. Ke4 Ng7 35. Nd5+ Kf7 36. Nf4 Ne6 37. Nxh5 Nxg5+ 38. Kd5 Ke7 39. b4 Ne6
40. a4 Nc7+ 41. Kd4 b6 42. a5 bxa5 43. bxa5 h6 44. Ke4 Ke6 45. Ng7+ Kd7 46. Nf5
h5 47. Nd4 Ne6 48. Nb5 a6 49. Nc3 Nc5+ 50. Kd5 h4 0-1

[Event "Amateur-Pokal A"]
[Site "?"]
[Date "2001.??.??"]
[Round "2"]
[White "Wempe, Juergen"]
[Black "Sass, Andreas"]
[Result "1/2-1/2"]
[WhiteElo "2174"]
[BlackElo "2135"]
[Annotator "ChessOrg"]
[PlyCount "104"]

1. d4 Nf6 2. Nf3 g6 3. Bg5 Bg7 4. Nbd2 O-O 5. e3 d6 6. h3 Nbd7 7. Be2 c5 8. O-O
b6 9. c3 Bb7 10. Nh2 Re8 11. Ng4 Nxg4 12. Bxg4 Qc7 13. f4 f5 14. Bf3 Nf6 15.
Qb3+ Kh8 16. dxc5 dxc5 17. Qe6 b5 18. Rad1 Rad8 19. Bxb7 Qxb7 20. Nf3 Qb6 21.
Qf7 Rf8 22. Rxd8 Rxd8 23. Re1 Rf8 24. Qxe7 Re8 25. Qf7 Rf8 26. Qb3 c4 27. Qa3
Re8 28. Ne5 Ne4 29. Be7 Qc7 30. Bh4 Nc5 31. Rd1 Kg8 32. b3 Bxe5 33. fxe5 Qxe5
34. bxc4 bxc4 35. Qxa7 Nd3 36. Bg5 Qxc3 37. Rb1 f4 38. Bxf4 Nxf4 39. exf4 Qe3+
40. Qxe3 Rxe3 41. Kf2 Ra3 42. Rb2 h5 43. Rc2 Kf7 44. Rxc4 Rxa2+ 45. Kg3 Kf6 46.
Rc6+ Kf5 47. Rc5+ Kf6 48. Rg5 Ra4 49. h4 Ra3+ 50. Kh2 Ra4 51. g3 Ra2+ 52. Kh3
Rf2 1/2-1/2

[Event "Amateur-Pokal A"]
[Site "?"]
[Date "2001.??.??"]
[Round "2"]
[White "Becker, Joerg"]
[Black "Berrang, Gerrit"]
[Result "1-0"]
[WhiteElo "2170"]
[BlackElo "2036"]
[Annotator "ChessOrg"]
[PlyCount "49"]

1. e4 c5 2. Nf3 e6 3. c4 a6 4. Nc3 d6 5. d4 cxd4 6. Nxd4 Nf6 7. Be3 Nbd7 8. Be2
Qc7 9. O-O Be7 10. Rc1 O-O 11. f4 b6 12. Bf3 Bb7 13. f5 e5 14. Nde2 Nc5 15. Ng3
a5 16. b3 Bc6 17. Nd5 Nxd5 18. exd5 Bd7 19. Be4 a4 20. b4 Na6 21. f6 Bxf6 22.
Rxf6 gxf6 23. Qh5 Rfe8 24. Qh6 f5 25. Nh5 1-0

[Event "Amateur-Pokal A"]
[Site "?"]
[Date "2001.??.??"]
[Round "2"]
[White "Dausch, Rene"]
[Black "Tabatt, Hendrik"]
[Result "0-1"]
[WhiteElo "2346"]
[BlackElo "2111"]
[Annotator "ChessOrg"]
[PlyCount "94"]

1. d4 d5 2. Nf3 Nf6 3. c4 dxc4 4. e3 Bg4 5. h3 Bh5 6. g4 Bg6 7. Bxc4 Nbd7 8.
Nc3 e6 9. Nh4 Be4 10. f3 Bd6 11. fxe4 Bg3+ 12. Kf1 Bxh4 13. e5 O-O 14. Kg2 Nb6
15. Bb3 Nfd5 16. e4 Ne7 17. Be3 Ng6 18. Qe2 Qe7 19. Rad1 Rad8 20. Rhf1 a6 21.
Kh1 Nd7 22. Qc4 c5 23. dxc5 Ndxe5 24. Qe2 Bg5 25. Bd4 Nf4 26. Qh2 Nc6 27. Bg1
Nd3 28. Na4 Kh8 29. Qc2 Nde5 30. Nb6 Rxd1 31. Rxd1 Qf6 32. Nd7 Nxd7 33. Rxd7
Qh6 34. Qg2 g6 35. Rxb7 Rd8 36. Rxf7 Ne5 37. Rf2 Rd3 38. Bh2 Rxh3 39. Bxe6 Nd3
40. Rf3 Rxf3 41. Qxf3 Bf4 42. Qe2 Qh4 43. Kg1 Bxh2+ 44. Qxh2 Qe1+ 45. Kg2 Qf2+
46. Kh1 Qf1+ 47. Qg1 Nf2+ 0-1

[Event "Amateur-Pokal A"]
[Site "?"]
[Date "2001.??.??"]
[Round "3"]
[White "Tabatt, Hendrik"]
[Black "Busche, Stefan"]
[Result "1/2-1/2"]
[WhiteElo "2111"]
[BlackElo "2127"]
[Annotator "ChessOrg"]
[PlyCount "108"]

1. d4 Nf6 2. Nf3 e6 3. c4 b6 4. Nc3 Bb7 5. Bg5 Bb4 6. e3 h6 7. Bh4 c5 8. Bd3
cxd4 9. exd4 O-O 10. O-O Be7 11. Qe2 d6 12. d5 e5 13. Nd2 Nbd7 14. Bg3 Re8 15.
Rae1 Bf8 16. Bb1 g6 17. Bh4 Be7 18. Bg3 Nh5 19. a4 Bf8 20. Qg4 Ndf6 21. Qf3 Bc8
22. h3 Nh7 23. Bh2 Ng5 24. Qe3 Ng7 25. Nf3 Nxf3+ 26. Qxf3 Nf5 27. Bxf5 Bxf5 28.
Qe3 Bd7 29. f4 exf4 30. Qxf4 f5 31. Kh1 Qg5 32. Qxg5 hxg5 33. Nb5 Rxe1 34. Rxe1
Re8 35. Rxe8 Bxe8 36. Nxa7 Bxa4 37. Nc8 b5 38. cxb5 Bxb5 39. Bxd6 Bg7 40. Ba3
Be5 41. Na7 Ba4 42. Nc6 Bf6 43. Kg1 Kf7 44. Kf2 Bb3 45. d6 Ke8 46. g3 Kd7 47.
Ne7 Bf7 48. g4 f4 49. Kf3 Be5 50. Ke4 Bxd6 51. Bxd6 Kxd6 52. Nc8+ Kc5 53. Ne7
Kd6 54. Nc8+ Kc5 1/2-1/2

[Event "Amateur-Pokal A"]
[Site "?"]
[Date "2001.??.??"]
[Round "3"]
[White "Sass, Andreas"]
[Black "Becker, Joerg"]
[Result "1-0"]
[WhiteElo "2135"]
[BlackElo "2170"]
[Annotator "ChessOrg"]
[PlyCount "80"]

1. d4 d5 2. c4 Nc6 3. cxd5 Qxd5 4. e3 e5 5. Nc3 Bb4 6. Bd2 Bxc3 7. Bxc3 exd4 8.
Ne2 Bg4 9. f3 Nf6 10. Nxd4 Bh5 11. Bb5 O-O 12. Bxc6 bxc6 13. O-O Rfe8 14. e4
Qc5 15. Qa4 Rad8 16. Qxc6 Qg5 17. Rae1 Bg6 18. Qxc7 Rd7 19. Qg3 Qc5 20. Qf2
Red8 21. Nb3 Qc6 22. Qc5 Qa4 23. Qb4 Qc6 24. Qc5 Qa6 25. Nc1 Rc8 26. Qf2 Rcd8
27. Qe2 Qb6+ 28. Kh1 h5 29. Rd1 h4 30. Rxd7 Rxd7 31. Bxf6 Qxf6 32. h3 Qd4 33.
Nb3 Qd6 34. Rc1 f6 35. Qc2 Kh7 36. Nc5 Rc7 37. b4 Qd4 38. a3 Qe3 39. Qc3 Qf4
40. Rd1 Bf7 1-0

[Event "Amateur-Pokal A"]
[Site "?"]
[Date "2001.??.??"]
[Round "3"]
[White "Mischke, Luis"]
[Black "Wempe, Juergen"]
[Result "0-1"]
[WhiteElo "2012"]
[BlackElo "2174"]
[Annotator "ChessOrg"]
[PlyCount "74"]

1. e4 c5 2. Nf3 Nf6 3. e5 Nd5 4. Nc3 e6 5. Nxd5 exd5 6. d4 Qb6 7. c3 Nc6 8.
dxc5 Bxc5 9. Qxd5 Bxf2+ 10. Kd1 d6 11. exd6 Be6 12. Qb5 O-O 13. Bf4 Rfd8 14.
Kc2 f6 15. Bc4 Qxb5 16. Bxb5 g5 17. Rhf1 Bc5 18. Bg3 Bxd6 19. Bxc6 bxc6 20. Nd4
Bd5 21. Rxf6 Be4+ 22. Kd2 Bxg3 23. hxg3 c5 24. Ke3 Re8 25. Nf3 Rad8 26. Kf2 g4
27. Ne1 Rd2+ 28. Kf1 Rf8 29. Rxf8+ Kxf8 30. b3 Kf7 31. b4 Ke6 32. bxc5 Kd5 33.
a4 a5 34. Ra3 Kxc5 35. Rb3 Bc6 36. Ra3 Bd5 37. Ra1 Bb3 0-1

[Event "Amateur-Pokal A"]
[Site "?"]
[Date "2001.??.??"]
[Round "4"]
[White "Busche, Stefan"]
[Black "Wempe, Juergen"]
[Result "0-1"]
[WhiteElo "2127"]
[BlackElo "2174"]
[Annotator "ChessOrg"]
[PlyCount "122"]

1. e4 c5 2. Nf3 Nf6 3. Nc3 Nc6 4. d4 d5 5. exd5 Nxd5 6. dxc5 Be6 7. Bd3 Nxc3 8.
bxc3 Qa5 9. Bd2 Qxc5 10. O-O Rd8 11. Qe2 h6 12. Rab1 Rd7 13. Rb5 Qa3 14. Rfb1
Nd8 15. Ne5 Rc7 16. Qe4 g5 17. Rxb7 Rxb7 18. Rxb7 Bg7 19. Bb5+ Kf8 20. Nd7+ Kg8
21. Rb8 Qa5 22. Qa8 Kh7 23. Qe4+ f5 24. Qd3 Qxa2 25. g4 Kg6 26. Nc5 Nf7 27.
Rxh8 Bxh8 28. Nxe6 Qxe6 29. Bc4 Qc8 30. gxf5+ Kg7 31. Be6 Qd8 32. Qe2 Qd6 33.
c4 Kf8 34. Be3 Ne5 35. c5 Qc6 36. f4 gxf4 37. Bxf4 Qxc5+ 38. Be3 Qb4 39. Kg2
Qe4+ 40. Kh3 Bg7 41. Kg3 h5 42. h3 Nc6 43. Qd3 Be5+ 44. Kf2 Qxd3 45. cxd3 Bd4
46. Bd5 Bxe3+ 47. Kxe3 Nb4 48. Bf3 h4 49. Kf4 Nxd3+ 50. Kg5 Kg7 51. Kxh4 a5 52.
Kg5 a4 53. Bd5 a3 54. h4 Nb4 55. Bb3 a2 56. Bxa2 Nxa2 57. h5 Nc3 58. Kf4 Nd5+
59. Ke5 Nf6 60. Ke6 Kf8 61. h6 Nh7 0-1

[Event "Amateur-Pokal A"]
[Site "?"]
[Date "2001.??.??"]
[Round "4"]
[White "Becker, Joerg"]
[Black "Mischke, Luis"]
[Result "1/2-1/2"]
[WhiteElo "2170"]
[BlackElo "2012"]
[Annotator "ChessOrg"]
[PlyCount "82"]

1. e4 Nf6 2. e5 Nd5 3. d4 d6 4. Bc4 c6 5. Nf3 dxe5 6. dxe5 Bg4 7. Nc3 e6 8. Ne4
Qc7 9. Qd4 Bxf3 10. gxf3 Nd7 11. f4 N7b6 12. Bxd5 cxd5 13. Nc3 Bc5 14. Qd3 a6
15. Be3 Bxe3 16. fxe3 O-O-O 17. O-O-O Rd7 18. Rhg1 g6 19. Qd4 Kb8 20. Na4 Rc8
21. Rg2 Nxa4 22. Qxa4 Rdd8 23. Rgd2 Qc4 24. Qxc4 Rxc4 25. c3 Re4 26. Re1 Rc8
27. Kc2 b5 28. Kd3 Rec4 29. a3 Re4 30. b3 Rc7 31. Rc2 Kb7 32. h4 h5 33. Rec1
Rd7 34. Ke2 Rc7 35. Kf3 a5 36. Ke2 a4 37. Rb2 axb3 38. Rxb3 Ka6 39. Kd3 Ra4 40.
Rcb1 Rc5 41. Ra1 Rac4 1/2-1/2

[Event "Amateur-Pokal A"]
[Site "?"]
[Date "2001.??.??"]
[Round "4"]
[White "Lacrosse, Marc"]
[Black "Sass, Andreas"]
[Result "1-0"]
[WhiteElo "2285"]
[BlackElo "2135"]
[Annotator "ChessOrg"]
[PlyCount "135"]

1. d4 Nf6 2. c4 g6 3. Nc3 Bg7 4. e4 d6 5. Nf3 O-O 6. Be2 e5 7. dxe5 dxe5 8.
Qxd8 Rxd8 9. Bg5 Re8 10. Nd5 Nxd5 11. cxd5 c6 12. Bc4 cxd5 13. Bxd5 Na6 14.
O-O-O Nc7 15. Bb3 a5 16. a3 a4 17. Ba2 Be6 18. Bxe6 Nxe6 19. Be3 Rac8+ 20. Kb1
Nd4 21. Bxd4 exd4 22. Rhe1 Rc4 23. e5 f5 24. exf6 Rxe1 25. Nxe1 Bxf6 26. Nd3
Rc7 27. Rc1 Re7 28. Rc4 Kf7 29. Rxa4 Ke6 30. Ra5 Kd6 31. Kc2 Rc7+ 32. Kd1 Rc6
33. Rb5 Rc7 34. Rb6+ Ke7 35. Nb4 Rd7 36. Kd2 d3 37. Nxd3 Bd4 38. Rb5 Bxf2 39.
Ke2 Bd4 40. Nc5 Bxc5 41. Rxc5 Kd6 42. Rc3 Re7+ 43. Kd2 Kd5 44. Kd3 Rf7 45. Rc2
Kd6 46. b4 Rf1 47. a4 Rf4 48. Kc3 h5 49. a5 Rf1 50. Kb3 Re1 51. Ka4 Re5 52. Rf2
g5 53. Rf7 b5+ 54. axb6 Kc6 55. Rf6+ Kb7 56. Rh6 g4 57. g3 Ka6 58. b5+ Kb7 59.
Ka5 Re2 60. Rh7+ Kb8 61. Rxh5 Kb7 62. Rh7+ Kb8 63. Kb4 Re4+ 64. Kc5 Re5+ 65.
Kd4 Rxb5 66. Ke4 Rxb6 67. Kf5 Rb4 68. Rh4 1-0

[Event "Amateur-Pokal A"]
[Site "?"]
[Date "2001.??.??"]
[Round "4"]
[White "Dausch, Rene"]
[Black "Berrang, Gerrit"]
[Result "1-0"]
[WhiteElo "2346"]
[BlackElo "2036"]
[Annotator "ChessOrg"]
[PlyCount "127"]

1. c4 Nf6 2. Nc3 e5 3. g3 Nc6 4. Bg2 g6 5. e3 Bg7 6. Nge2 O-O 7. O-O d6 8. h3
Re8 9. d3 Be6 10. Nd5 Qd7 11. Kh2 Nd8 12. Nec3 c6 13. Nxf6+ Bxf6 14. e4 Bg7 15.
Be3 b5 16. cxb5 cxb5 17. d4 Bc4 18. Re1 b4 19. Ne2 Nc6 20. d5 Ne7 21. Qd2 a5
22. a3 Qb5 23. Nc1 b3 24. a4 Qa6 25. Ne2 Bxe2 26. Qxe2 Qxe2 27. Rxe2 Rec8 28.
Bf1 f5 29. f3 Rab8 30. Bd2 Rc5 31. Rg2 Nc8 32. Bb5 Na7 33. Bd3 fxe4 34. fxe4 h6
35. Rgg1 Kh7 36. Rgc1 Rbc8 37. Rxc5 Rxc5 38. Rc1 Rxc1 39. Bxc1 Bf6 40. Be3 Nc8
41. Ba6 Ne7 42. Bb6 Bg5 43. Bxa5 Be3 44. Bd8 Ng8 45. Bc4 Kg7 46. Bxb3 Kf7 47.
Bc4 Nf6 48. Bd3 Nd7 49. b4 Bd2 50. b5 Ke8 51. Bc7 Nc5 52. Bc2 Kd7 53. Bb6 Kc8
54. Kg2 Kb7 55. Bd8 Kc8 56. Bf6 Kd7 57. Kf3 Ke8 58. Ke2 Bg5 59. Bg7 Bd8 60.
Bxh6 g5 61. a5 Kf7 62. a6 Nd7 63. a7 Nb6 64. h4 1-0

[Event "Amateur-Pokal A"]
[Site "?"]
[Date "2001.??.??"]
[Round "5"]
[White "Berrang, Gerrit"]
[Black "Tabatt, Hendrik"]
[Result "1/2-1/2"]
[WhiteElo "2036"]
[BlackElo "2111"]
[Annotator "ChessOrg"]
[PlyCount "117"]

1. e4 e5 2. Nf3 Nc6 3. Bc4 Bc5 4. d3 Nf6 5. Nc3 d6 6. Bg5 h6 7. Be3 Bxe3 8.
fxe3 Na5 9. Bb3 c6 10. Qd2 Nxb3 11. axb3 O-O 12. h3 Qe7 13. O-O-O b5 14. g4 a5
15. Rdg1 a4 16. b4 a3 17. b3 a2 18. Kb2 Qa7 19. Ka1 Qa3 20. Nd1 d5 21. g5 hxg5
22. Rxg5 dxe4 23. Nxe5 exd3 24. Nxd3 Nh7 25. Rg3 Bf5 26. Rhg1 g6 27. N1b2 Qa7
28. h4 Qe7 29. Qf2 Bxd3 30. Nxd3 Qf6+ 31. Qxf6 Nxf6 32. Kb2 Rfe8 33. Ra1 Nd5
34. Rxa2 Rxa2+ 35. Kxa2 Rxe3 36. Rxe3 Nxe3 37. Kb2 Nf5 38. Ne5 Ne7 39. Kc3 f6
40. Nd3 Nf5 41. Nf2 Nxh4 42. Kd4 Nf3+ 43. Kc5 Ne5 44. c4 bxc4 45. bxc4 Kf7 46.
b5 cxb5 47. cxb5 Ke6 48. b6 Nd7+ 49. Kc6 Nxb6 50. Kxb6 Kd5 51. Kb5 f5 52. Nh3
Ke4 53. Kc4 f4 54. Ng5+ Ke3 55. Kd5 f3 56. Ne4 Kf4 57. Kd4 Kf5 58. Ke3 Kg4 59.
Kf2 1/2-1/2

[Event "Amateur-Pokal A"]
[Site "?"]
[Date "2001.??.??"]
[Round "5"]
[White "Sass, Andreas"]
[Black "Dausch, Rene"]
[Result "0-1"]
[WhiteElo "2135"]
[BlackElo "2346"]
[Annotator "ChessOrg"]
[PlyCount "74"]

1. d4 e6 2. c4 b6 3. Nc3 Bb4 4. Qc2 Bb7 5. a3 Bxc3+ 6. Qxc3 f5 7. Nf3 Nf6 8.
Bg5 O-O 9. e3 d6 10. Bd3 Nbd7 11. Rd1 Qe8 12. Bxf6 Rxf6 13. d5 e5 14. Be2 Rh6
15. Nd2 Nf6 16. O-O g5 17. Rfe1 g4 18. Nf1 Qh5 19. f3 Rf8 20. e4 g3 21. exf5
gxh2+ 22. Kh1 Qxf5 23. Qe3 Qg6 24. g4 Rh3 25. Bd3 e4 26. Bxe4 Nxe4 27. Qxe4
Rhxf3 28. Qxg6+ hxg6 29. Kxh2 Bc8 30. Ne3 Rf2+ 31. Kg3 Rxb2 32. Kh4 Kg7 33. Kg5
Rb3 34. Ng2 Rg3 35. Ne3 Rff3 36. Nf5+ Rxf5+ 37. Kh4 Rff3 0-1

[Event "Amateur-Pokal A"]
[Site "?"]
[Date "2001.??.??"]
[Round "5"]
[White "Mischke, Luis"]
[Black "Lacrosse, Marc"]
[Result "0-1"]
[WhiteElo "2012"]
[BlackElo "2285"]
[Annotator "ChessOrg"]
[PlyCount "130"]

1. e4 e5 2. Nf3 Nc6 3. d4 exd4 4. c3 dxc3 5. Nxc3 Bb4 6. Bc4 Bxc3+ 7. bxc3 d6
8. O-O Nf6 9. e5 Nxe5 10. Nxe5 dxe5 11. Qb3 Qe7 12. Ba3 c5 13. Bb5+ Kf8 14. f4
e4 15. f5 h5 16. Rae1 a6 17. Bd3 b5 18. c4 b4 19. Bb2 Bb7 20. Bc2 h4 21. Qe3 a5
22. Qf4 h3 23. Rf2 Re8 24. Ba4 Rd8 25. Bc2 Bc6 26. g3 Ba8 27. Re3 Kg8 28. Rfe2
Rd4 29. Bxd4 cxd4 30. Bxe4 dxe3 31. Bxa8 Qd8 32. Bd5 Nxd5 33. Qd4 Kh7 34. cxd5
Re8 35. Qd3 f6 36. g4 Qd6 37. Rxe3 Rxe3 38. Qxe3 Qxd5 39. Qxh3+ Kg8 40. Qe3
Qd1+ 41. Kf2 Qxg4 42. Qe6+ Kh7 43. Qd5 a4 44. Qd3 Kh6 45. h3 Qf4+ 46. Kg2 Kg5
47. Qd7 Qe4+ 48. Kg3 Qe3+ 49. Kg2 Qe2+ 50. Kg3 Qe5+ 51. Kg2 Qb2+ 52. Kf3 Qc3+
53. Kg2 Qc2+ 54. Kg3 Qxa2 55. Qxg7+ Kxf5 56. Qh7+ Ke5 57. Qe7+ Qe6 58. Qa7 Qb3+
59. Kf2 Qb2+ 60. Kf3 Qc3+ 61. Kg2 a3 62. Qe7+ Kf4 63. Qd6+ Ke3 64. Qg3+ Kd2 65.
Qf2+ Kc1 0-1

[Event "Amateur-Pokal A"]
[Site "?"]
[Date "2001.??.??"]
[Round "5"]
[White "Wempe, Juergen"]
[Black "Becker, Joerg"]
[Result "1/2-1/2"]
[WhiteElo "2174"]
[BlackElo "2170"]
[Annotator "ChessOrg"]
[PlyCount "84"]

1. d4 d5 2. Nf3 Nc6 3. Bf4 Bg4 4. Nbd2 e6 5. e3 Bd6 6. Bg3 Nge7 7. Bd3 Bxg3 8.
hxg3 Qd6 9. Be2 f6 10. c4 dxc4 11. Nxc4 Qb4+ 12. Kf1 Nf5 13. a3 Qe7 14. Rc1 h5
15. Qa4 Kf7 16. b4 a6 17. Na5 Nxa5 18. Qxa5 c6 19. Qc5 Qxc5 20. bxc5 Rad8 21.
Rb1 Rd7 22. Nd2 Bxe2+ 23. Kxe2 Rhd8 24. Rxh5 Kg6 25. g4 Nh6 26. f3 e5 27. Nb3
f5 28. Rd1 exd4 29. Nxd4 fxg4 30. Rhh1 gxf3+ 31. gxf3 Kf6 32. Rh5 Rd5 33. Rdh1
Nf7 34. f4 g6 35. Rxd5 Rxd5 36. Nb3 Kf5 37. Rh7 Nd8 38. Re7 Kf6 39. Rc7 Ne6 40.
Rxb7 Nxc5 41. Nxc5 Rxc5 42. Rc7 g5 1/2-1/2

[Event "Amateur-Pokal A"]
[Site "?"]
[Date "2001.??.??"]
[Round "6"]
[White "Busche, Stefan"]
[Black "Becker, Joerg"]
[Result "1-0"]
[WhiteElo "2127"]
[BlackElo "2170"]
[Annotator "ChessOrg"]
[PlyCount "83"]

1. e4 d5 2. exd5 Nf6 3. d4 Bg4 4. Be2 Bxe2 5. Qxe2 Qxd5 6. Nf3 e6 7. c4 Qh5 8.
Nc3 Nc6 9. d5 Nb4 10. a3 Na6 11. dxe6 O-O-O 12. Ne5 Re8 13. Qxh5 Nxh5 14. Nxf7
Rxe6+ 15. Be3 Rg8 16. Ng5 Rg6 17. O-O Be7 18. Nge4 Nf6 19. Rad1 Nxe4 20. Nxe4
Re6 21. f3 Rc6 22. Rc1 Re6 23. b4 b6 24. Rfd1 Nb8 25. Bd4 Nc6 26. Bb2 Bf6 27.
Nxf6 gxf6 28. Re1 Rge8 29. Rxe6 Rxe6 30. Kf2 f5 31. Re1 Kd7 32. Rxe6 Kxe6 33.
Ke3 Ne7 34. g4 c6 35. Bd4 Nc8 36. a4 a6 37. Kf4 fxg4 38. fxg4 b5 39. axb5 axb5
40. cxb5 cxb5 41. Bc5 h6 42. Ke4 1-0

[Event "Amateur-Pokal A"]
[Site "?"]
[Date "2001.??.??"]
[Round "6"]
[White "Wempe, Juergen"]
[Black "Lacrosse, Marc"]
[Result "1/2-1/2"]
[WhiteElo "2174"]
[BlackElo "2285"]
[Annotator "ChessOrg"]
[PlyCount "80"]

1. d4 f5 2. g3 Nf6 3. Bg2 e6 4. Nf3 Be7 5. O-O O-O 6. c4 d6 7. Nc3 Qe8 8. Re1
Qg6 9. e4 Nxe4 10. Nxe4 fxe4 11. Rxe4 Nc6 12. Qe2 Bf6 13. Bd2 Ne7 14. Bh3 Nf5
15. Rxe6 Nh6 16. Nh4 Qc2 17. Bxh6 Qxe2 18. Rxe2 Bxh3 19. Be3 Rae8 20. Ree1 Bxh4
21. gxh4 Re4 22. f4 h6 23. Kf2 Bg4 24. Rg1 Bh5 25. Rac1 c5 26. dxc5 dxc5 27. b3
Rd8 28. Rce1 Rd3 29. Rg3 b6 30. f5 Re5 31. Bf4 Rxg3 32. hxg3 Rxf5 33. Re7 g5
34. hxg5 hxg5 35. Re5 Rxe5 36. Bxe5 a6 37. Bc7 b5 38. Bb6 bxc4 39. bxc4 Bf7 40.
Bxc5 Bxc4 1/2-1/2

[Event "Amateur-Pokal A"]
[Site "?"]
[Date "2001.??.??"]
[Round "6"]
[White "Dausch, Rene"]
[Black "Mischke, Luis"]
[Result "1-0"]
[WhiteElo "2346"]
[BlackElo "2012"]
[Annotator "ChessOrg"]
[PlyCount "43"]

1. Nf3 Nf6 2. d4 g6 3. c4 Bg7 4. Nc3 O-O 5. e4 d6 6. h3 Nbd7 7. Be3 c6 8. Be2
Qc7 9. O-O Re8 10. Nd2 e5 11. d5 a6 12. b4 c5 13. a3 Re7 14. Qc2 b6 15. Rfb1
Ne8 16. Rb2 Nf8 17. Rab1 Ra7 18. a4 Rb7 19. a5 bxa5 20. bxc5 dxc5 21. Rxb7 Bxb7
22. Na4 1-0

[Event "Amateur-Pokal A"]
[Site "?"]
[Date "2001.??.??"]
[Round "6"]
[White "Tabatt, Hendrik"]
[Black "Sass, Andreas"]
[Result "1-0"]
[WhiteElo "2111"]
[BlackElo "2135"]
[Annotator "ChessOrg"]
[PlyCount "37"]

1. d4 Nf6 2. g3 g6 3. Bg2 Bg7 4. e4 d6 5. Ne2 O-O 6. O-O e5 7. h3 exd4 8. Nxd4
Re8 9. Nc3 Nbd7 10. Re1 Nc5 11. Nb3 Nxb3 12. axb3 c6 13. Bf4 d5 14. exd5 Rxe1+
15. Qxe1 Nxd5 16. Rd1 Be6 17. Be5 Bxe5 18. Qxe5 Qf6 19. Rxd5 1-0

[Event "Amateur-Pokal A"]
[Site "?"]
[Date "2001.??.??"]
[Round "7"]
[White "Berrang, Gerrit"]
[Black "Busche, Stefan"]
[Result "1/2-1/2"]
[WhiteElo "2036"]
[BlackElo "2127"]
[Annotator "ChessOrg"]
[PlyCount "107"]

1. e4 c5 2. Nf3 d6 3. d4 cxd4 4. Nxd4 Nf6 5. Nc3 Nc6 6. f3 e5 7. Nb3 Be7 8. Bg5
Nxe4 9. Nxe4 Bxg5 10. Nxd6+ Ke7 11. Ne4 Qxd1+ 12. Rxd1 Be3 13. Bc4 Bf5 14. Nc3
Nb4 15. Ke2 Bh6 16. Nd5+ Nxd5 17. Rxd5 f6 18. Bd3 Be6 19. Rc5 Rad8 20. Rc7+ Rd7
21. Rxd7+ Bxd7 22. Rd1 g6 23. Nc5 Bc8 24. Bc4 Rd8 25. Rxd8 Kxd8 26. Ne4 Ke7 27.
h4 Bc1 28. b3 h6 29. Nc3 Be6 30. Bxe6 Kxe6 31. Ne4 Ba3 32. c4 f5 33. Nc3 Be7
34. g3 f4 35. Kf2 fxg3+ 36. Kxg3 Bb4 37. Nd5 Be1+ 38. Kg4 Bf2 39. h5 Kf7 40.
Nc3 Be1 41. Nb5 Kf6 42. hxg6 Kxg6 43. Nxa7 h5+ 44. Kh3 Kf5 45. c5 e4 46. fxe4+
Kxe4 47. c6 bxc6 48. Nxc6 Kd5 49. Ne7+ Kc5 50. a3 Bb4 51. a4 Bd2 52. Nf5 Kb4
53. Nd4 Be3 54. Nc2+ 1/2-1/2

[Event "Amateur-Pokal A"]
[Site "?"]
[Date "2001.??.??"]
[Round "7"]
[White "Mischke, Luis"]
[Black "Tabatt, Hendrik"]
[Result "0-1"]
[WhiteElo "2012"]
[BlackElo "2111"]
[Annotator "ChessOrg"]
[PlyCount "66"]

1. e4 c5 2. Nf3 e6 3. d4 cxd4 4. Nxd4 Nf6 5. Bd3 d6 6. Nc3 a6 7. O-O Be7 8. Be3
Nbd7 9. Nb3 b5 10. a3 Bb7 11. f4 Rc8 12. Qe2 e5 13. f5 Qc7 14. Qf3 Nb6 15. Rad1
d5 16. exd5 Nbxd5 17. Nxd5 Bxd5 18. Bxb5+ axb5 19. Rxd5 Nxd5 20. Qxd5 O-O 21.
Rc1 Qc4 22. Qf3 Bf6 23. Nd2 Qc6 24. Ne4 Bd8 25. Kh1 f6 26. Bc5 Rf7 27. b4 Be7
28. Bxe7 Rxe7 29. Qb3+ Kh8 30. Nc5 Rd8 31. c4 Rd2 32. Rg1 bxc4 33. Qxc4 e4 0-1

[Event "Amateur-Pokal A"]
[Site "?"]
[Date "2001.??.??"]
[Round "7"]
[White "Becker, Joerg"]
[Black "Lacrosse, Marc"]
[Result "0-1"]
[WhiteElo "2170"]
[BlackElo "2285"]
[Annotator "ChessOrg"]
[PlyCount "117"]

1. e4 e5 2. Nf3 Nc6 3. Nc3 Nf6 4. Bb5 Bb4 5. O-O O-O 6. d3 d6 7. Bg5 Bxc3 8.
bxc3 Qe7 9. Nd2 h6 10. Bh4 Nd8 11. Qf3 g5 12. Bg3 Ne6 13. Qe3 Nf4 14. d4 Kg7
15. Bxf4 gxf4 16. Qe2 Kh7 17. g3 Bh3 18. Rfe1 Rg8 19. Qf3 Rg5 20. Bf1 Qe6 21.
Bxh3 Qxh3 22. Qg2 Qe6 23. Kh1 Rag8 24. Rg1 Rh5 25. Qf3 Ng4 26. Rg2 Rh3 27. d5
Qd7 28. Rb1 b6 29. Qe2 Rg5 30. Nf1 Nf6 31. f3 fxg3 32. Rxg3 Nh5 33. Rxg5 hxg5
34. Qg2 Kg6 35. Ne3 Nf4 36. Qf2 Qa4 37. Rg1 Qxa2 38. Ng2 f6 39. Nxf4+ exf4 40.
Qg2 Rh4 41. Qf2 Kf7 42. Qe2 Qa4 43. e5 dxe5 44. Qd3 Qd7 45. Rg4 Rh3 46. Qf1 Rh8
47. Qc4 Qd6 48. Qe4 Ke7 49. c4 Kd8 50. Qf5 Rf8 51. Rg1 Qd7 52. Qd3 Qd6 53. Ra1
a5 54. Qf5 Rf7 55. Rd1 Rd7 56. c5 Qxc5 57. Qxf6+ Kc8 58. Qxe5 Qxc2 59. Rg1 0-1

[Event "Amateur-Pokal A"]
[Site "?"]
[Date "2001.??.??"]
[Round "8"]
[White "Busche, Stefan"]
[Black "Lacrosse, Marc"]
[Result "0-1"]
[WhiteElo "2127"]
[BlackElo "2285"]
[Annotator "ChessOrg"]
[PlyCount "80"]

1. e4 e5 2. Nf3 Nc6 3. Nc3 Nf6 4. d4 exd4 5. Nxd4 Bb4 6. Nxc6 bxc6 7. Bd3 d5 8.
exd5 cxd5 9. O-O O-O 10. Bg5 c6 11. Qf3 Be7 12. h3 h6 13. Bf4 Nh7 14. Rfe1 Ng5
15. Qh5 f5 16. Be5 Kh7 17. Rad1 Bd7 18. Qe2 Rf7 19. Na4 Qa5 20. b3 Re8 21. Qd2
Qxd2 22. Rxd2 Bb4 23. c3 Bf8 24. b4 Ne4 25. Rde2 Rxe5 26. f3 Nxc3 27. Rxe5 Nxa4
28. a3 Bd6 29. R5e2 c5 30. bxc5 Bxc5+ 31. Kf1 Bxa3 32. Ra1 Bc5 33. Rc2 Bb6 34.
Rd2 Nc5 35. Rb1 Nxd3 36. Rxd3 Bc6 37. Rc3 Bb7 38. g3 Re7 39. Rc2 d4 40. Rb3 d3
0-1